Bibbidi Bobbidi Boo - Cendrillon [Paroles entières] - Statistiques

Statistiques générales
  • Ce quiz a été pris 418 fois
  • Le résultat moyen est 60 sur 82
Statistiques - réponses
X Paroles % Correct
Bibbidi
97%
Bibbidi
97%
Bibbidi
97%
Bibbidi
97%
Bibbidi
97%
Bibbidi
97%
Bibbidi
97%
Bibbidi
97%
Bibbidi
97%
Bobbidi
95%
Bobbidi
95%
Bobbidi
95%
Bobbidi
95%
Bobbidi
95%
Bobbidi
95%
Bobbidi
95%
Bobbidi
95%
Bobbidi
95%
la
94%
la
94%
la
94%
la
94%
la
94%
la
94%
la
94%
la
94%
la
94%
Boo
91%
Boo
91%
Boo
91%
Boo
91%
Boo
91%
Boo
91%
Boo
91%
à
84%
magie
80%
et
78%
et
78%
ça
77%
ça
77%
vous
74%
vous
74%
Strophe Salagadou
72%
Strophe Salagadou
72%
Strophe Salagadou
72%
Strophe Salagadou
72%
tout
72%
tout
72%
quoi
69%
quoi
69%
aurez
68%
aurez
68%
C'est
66%
C'est
66%
de
62%
Mélangez
62%
Mélangez
62%
bou
61%
bou
61%
bou
61%
je
58%
le
58%
pas
56%
ne
54%
ou
53%
tous
53%
connais
52%
dire
52%
les
51%
m'y
51%
veut
50%
qui
48%
fait
44%
Mais
44%
truc
43%
coups
42%
scoubidou
38%
boom
33%
menchika
28%
menchika
28%
menchika
28%
menchika
28%
Aucun quiz correspondant
Distribution des résultats
% des personnes avec chaque résultat
Percentile par nombre de réponses
Votre historique - résultats
Vous n’avez pas pris ce quiz